000 00651nam a22001457a 4500
999 _c10664
_d10664
008 180913b ||||| |||| 00| 0 eng d
022 _a16565649
082 _aDPer 303.405 H22 June -Sept 2016 v.12 n. 7-10
100 _931133
_aLu, James.
245 _aPlay the secret basketball and chess games in messenger:
_btwo fun reasons why you might want to switch to faceboook messenger instead of whatsapp as your main app to chat with your friends/
_cJames Lu.
260 _aQuezon City:
_bHardware Zone Phils. Corp.,
_c©June -Sept 2016.
300 _av12 n8, pages 84-85:
_billustrations;
_c28 cm.
650 0 _931134
_aGames
_xMessenger.
942 _2ddc
_cPER